Communes affectées par l'aéroport de Toulouse sur une carte - Statistiques

Statistiques générales
  • Ce quiz a été pris 56 fois
  • Le résultat moyen est 5 sur 9
Réponses sur la Carte
Les réponses sont colorées sur une échelle allant du rouge au vert en fonction du pourcentage des utilisateurs qui les ont devinées à leur premier essai. Vous pouvez retrouver ces pourcentages ci-dessous.
 
Statistiques - réponses
Commune % Correct
Toulouse
98%
Blagnac
92%
Colomiers
77%
Cornebarrieu
51%
Aussonne
42%
Ramonville-Saint-Agne
32%
Merville
30%
Mondonville
26%
Daux
25%
Aucun quiz correspondant
Distribution des résultats
% des personnes avec chaque résultat
Percentile par nombre de réponses
Votre historique - résultats
Vous n’avez pas pris ce quiz